UBT Library

Modern architecture in Germany. (Record no. 44160)

000 -LEADER
fixed length control field 00560cam a22002291 4500
001 - CONTROL NUMBER
control field 10258877
005 - DATE AND TIME OF LATEST TRANSACTION
control field 20180306062746.0
008 - FIXED-LENGTH DATA ELEMENTS--GENERAL INFORMATION
fixed length control field 740612s1952 gw a b 000 0 eng
010 ## - LIBRARY OF CONGRESS CONTROL NUMBER
LC control number 54000272
035 ## - SYSTEM CONTROL NUMBER
System control number (OCoLC)916929
040 ## - CATALOGING SOURCE
Original cataloging agency DLC
Transcribing agency MeWC
Modifying agency NSbSU
-- DLC
041 ## - LANGUAGE CODE
Language code of text/sound track or separate title eng
042 ## - AUTHENTICATION CODE
Authentication code premarc
080 ## - UNIVERSAL DECIMAL CLASSIFICATION NUMBER
Universal Decimal Classification number 724.91 bru
082 ## - DEWEY DECIMAL CLASSIFICATION NUMBER
Classification number 724.91 bru
100 1# - Rafti
Rafti 41
101 ## - Shkurtesa
Shkurtesa art
245 10 - TITLE STATEMENT
Title Modern architecture in Germany.
504 ## - BIBLIOGRAPHY, ETC. NOTE
Bibliography, etc Bibliography: p. 79.
906 ## - LOCAL DATA ELEMENT F, LDF (RLIN)
a 7
b cbc
c oclcrpl
d u
e ncip
f 19
g y-gencatlg
942 ## - ADDED ENTRY ELEMENTS (KOHA)
Source of classification or shelving scheme
Item type Books
Holdings
Withdrawn status Lost status Source of classification or shelving scheme Damaged status Not for loan Collection code Permanent location Current location Shelving location Date acquired Total Checkouts Full call number Barcode Date last seen Price effective from Koha item type
          Koleksioni i përgjithshem UBT - Lipjan UBT - Lipjan Koleksioni i përgjithshem 03/06/2018   724.91 bru 002-3000708 03/06/2018 03/06/2018 Books
UBT Library © 2015-2024. All rights reserved University Education for Business and Technology